000 00542nam a2200181Ia 4500
005 20250423101009.0
008 250422s9999 xx 000 0 und d
020 _a9788122431094
050 _aTS 155 .S74/
100 _aStein, Stefan H.
245 0 _aStatistical engineering : an algorithm for reducing variation in manufacturing processes
260 _aIndia
260 _bNew age internanational publishers Limited
260 _c2010
300 _a328 p
650 _aProduction management. Manufacturing processes.
942 _cBK
999 _c34971
_d34971